01073cam a2200277 i 450000100100000000500170001000800410002702000150006804000250008308200190010810000360012724500670016326000400023030000210027049000310029149000150032250000110033765000470034865000490039570000380044483000390048283000210052195201160054295201220065899900150078000000257020200929150220.0780928s1978 sp 000 p spa  a847222354X aDO-SdBNPbspacBNPHU aN861.08bC266a1 aCardenal, Ernesto.d1925-9809010aAntología /cErnesto Cardenal ; prólogo José M. Vlverde. aBarcelona :bEditorial Laia,c1978. a280 p. ;c19 cm.1 aEdiciones de bolsillov5321 aLiteratura aPoemas 4aPoesía nicaragüensexColecciones98091 4aLiteratura nicaragüensexColecciones9809212aVlverde, José M.epról.98093 0aEdiciones de bolsillo ;n53298094 0aLiteratura98095 001050718MOaGRbGRcHDd2009-07-03iLF1l0oN861.08 C266ap2570-10r2020-06-25w2020-06-25y1ZNo se presta 001150718MOaGRbGRcMId2017-04-05iLF1l0oN861.08 C266ap2570-20r2020-06-25te. 2w2020-06-25y1ZNo se presta c2406d2406